Agua / (Record no. 24816)

MARC details
000 -LEADER
fixed length control field 01335cam a2200397 a 4500
001 - CONTROL NUMBER
control field 61758658
003 - CONTROL NUMBER IDENTIFIER
control field SIRSI
005 - DATE AND TIME OF LATEST TRANSACTION
control field 20210202204247.0
008 - FIXED-LENGTH DATA ELEMENTS--GENERAL INFORMATION
fixed length control field 050924s2006 mnua b 001 0 spa
010 ## - LIBRARY OF CONGRESS CONTROL NUMBER
LC control number 2005042404
020 ## - INTERNATIONAL STANDARD BOOK NUMBER
International Standard Book Number 0736859950 (hbk.)
020 ## - INTERNATIONAL STANDARD BOOK NUMBER
International Standard Book Number 9780736859950 (hbk.)
020 ## - INTERNATIONAL STANDARD BOOK NUMBER
International Standard Book Number 0736830863 (pbk.)
020 ## - INTERNATIONAL STANDARD BOOK NUMBER
International Standard Book Number 9780736830867 (pbk.)
040 ## - CATALOGING SOURCE
Original cataloging agency DLC
Transcribing agency DLC
Modifying agency BAKER
-- CMI
-- BTCTA
-- TEF
-- JQP
041 1# - LANGUAGE CODE
Language code of text/sound track or separate title spa
Language code of original eng
042 ## - AUTHENTICATION CODE
Authentication code pcc
050 10 - LIBRARY OF CONGRESS CALL NUMBER
Classification number GB662.3
Item number .T7818 2006
100 1# - MAIN ENTRY--PERSONAL NAME
Personal name Trumbauer, Lisa,
Dates associated with a name 1963-
240 10 - UNIFORM TITLE
Uniform title <a href="Water.">Water.</a>
Language of a work Spanish.
245 10 - TITLE STATEMENT
Title Agua /
Statement of responsibility, etc. por Lisa Trumbauer ; [adapted translations, Gloria Ramos].
250 ## - EDITION STATEMENT
Edition statement Spanish ed.
260 ## - PUBLICATION, DISTRIBUTION, ETC. (IMPRINT)
Place of publication, distribution, etc. Bloomington, Minn. :
Name of publisher, distributor, etc. Red Brick Learning :
-- Capstone Press,
Date of publication, distribution, etc. c2006.
300 ## - PHYSICAL DESCRIPTION
Extent 18 p. :
Other physical details col. ill. ;
Dimensions 21 cm.
440 #0 - SERIES STATEMENT/ADDED ENTRY--TITLE
Title Yellow Umbrella Books for early readers.
Number of part/section of a work Nivel A.
Name of part/section of a work Ciencia.
440 #0 - SERIES STATEMENT/ADDED ENTRY--TITLE
Title Yellow umbrella books for early readers.
Number of part/section of a work Level B,
Name of part/section of a work Science.
500 ## - GENERAL NOTE
General note Includes index.
500 ## - GENERAL NOTE
General note Translation of: Water.
520 ## - SUMMARY, ETC.
Summary, etc. Decribes the different forms that water can take.
546 ## - LANGUAGE NOTE
Language note Text in Spanish.
650 #0 - SUBJECT ADDED ENTRY--TOPICAL TERM
Topical term or geographic name as entry element Water
Form subdivision Juvenile literature.
650 #0 - SUBJECT ADDED ENTRY--TOPICAL TERM
Topical term or geographic name as entry element Spanish language
Form subdivision Texts
-- Juvenile literature.
700 1# - ADDED ENTRY--PERSONAL NAME
Personal name Ramos, Gloria.
830 #0 - SERIES ADDED ENTRY--UNIFORM TITLE
Uniform title Yellow Umbrella Books.
Name of part/section of a work Science.
-- Spanish.
942 ## - ADDED ENTRY ELEMENTS (KOHA)
Koha item type Libro/Book
Holdings
Withdrawn status Lost status Damaged status Not for loan Home library Current library Shelving location Date acquired Inventory number Total Checkouts Total Renewals Barcode Date last seen Date checked out Price effective from Koha item type
        Barbudos -- Satellite Barbudos -- Satellite General Stacks 18/04/2014 Inventory date: 7/7/25 5   35800783 05/05/2022 07/10/2021 18/04/2014 Libro/Book

Powered by Koha